| 000 | 00695cam a2200241u 4500 | ||
|---|---|---|---|
| 001 | 6319 | ||
| 003 | BD-RjUL | ||
| 005 | 20211208234225.0 | ||
| 008 | 140109s1964 nyu 001 0 eng d | ||
| 035 | _a(BD-RjUL)6359 | ||
| 040 |
_aDLC _cCarP _dDLC _d(BD-RjUL) _beng |
||
| 041 | _aeng | ||
| 082 | 0 | 0 |
_221 _a 512.55 _bFRA |
| 100 | 1 |
_aFreyd, Peter. [from old catalog] _919895 |
|
| 245 | 0 | 0 |
_aAbelian categories : _bAn Introduction to the Theory of Function / _cFreyd, Peter |
| 260 |
_aNew York : _bHarper & Row ; _c[1964] |
||
| 300 |
_a163p. ; _c20cm. |
||
| 504 | _aIncludes Index | ||
| 650 | 0 |
_aAbelian categories. _919896 |
|
| 942 |
_2ddc _cBK |
||
| 999 |
_c6319 _d6319 |
||